000 01101cam a22003498a 4500
001 4485844
003 ARRUPE
005 20140204142907.0
008 830913s1984 pau b 001 0 eng
010 _a83018479
020 _a0800615360
035 _a(OCoLC)9970147
035 _a(OCoLC)ocm09970147
035 _a(NNC)4485844
040 _aDLC
_cDLC
_dNNUT
_dCStRLIN
050 0 _aBS1192.6
_b.C73 1984
090 _aBS1192.6
_b.C73 1984
100 1 _aCrenshaw, James L.
_97843
245 1 2 _aA whirlpool of torment :
_bIsraelite traditions of God as an oppressive presence /
_cJames L. Crenshaw.
260 _aPhiladelphia :
_bFortress Press,
_cc1984.
263 _a8403
300 _axv, 128 p. ;
_c22 cm.
490 1 _aOvertures to biblical theology ;
_v12
500 _aIncludes index.
504 _aBibliography: p. 121-122.
630 0 0 _aBible.
_pOld Testament
_xTheology.
_97844
650 0 _aGod
_xBiblical teaching.
_97845
650 0 _aTheodicy
_xBiblical teaching.
_97846
830 0 _aOvertures to biblical theology ;
_v12.
_97847
942 _2lcc
_cMONOGRAPH
999 _c119914
_d119914